My EDM Spotify Playlist Pt. 1 - Statistics

General Stats
  • This quiz has been taken 14 times
  • The average score is 228 of 500
Answer Stats
Song DJ/Artist % Correct
Limitless | Pressure | Reboot | There For You Martin Garrix
100%
Bird Machine | Here Comes The Night | Let Me Love You | +2 others DJ Snake
83%
Bringin It Back | Hot | Pop That | +2 others AFROJACK
67%
The Way We See The World - Tomorrowland Anthem Instrumental | Unstoppable Afrojack
67%
Blame (feat. John Newman) | Bounce (feat. Kelis) - Extended Mix | Burnin | +9 others Calvin Harris
67%
Dangerous (feat. Sam Martin) | Hey Mama (feat. Niki Minaj, Bebe Rexha & AFROJACK) - AFROJACK Remix David Guetta
67%
Animal Rights | Bad Selection | Bridged By A Lightwave - Radio Edit | +20 others deadmau5
67%
All That (feat. Twista & The Rej3ctz) | Anywhere (feat. Will Heard) | Bootleg Fireworks (The Rebirth) | +21 others Dillon Francis
67%
Boy Oh Boy Diplo
67%
Don't Stop The Madness | Spaceman - Carnage Festival Trap Remix Hardwell
67%
Mind (feat. Kai) | Where Are Ü Now (with Justin Bieber) - Marshmellow Remix Jack Ü
67%
Internet Friends Knife Party
67%
Be Together | Boom | Light It Up | +3 others Major Lazer
67%
Back It Up | Bad Bitches (feat. Megan Thee Stallion) | Crusade | +4 others Marshmello
67%
Innocence NERO
67%
All I Ask of You (feat. Pennybirdrabbit) | All is Fair in Love and Brostep (with Ragga Twins) | Bangarang (feat. Sirah) | +27 others Skrillex
67%
Are You Lonely - Steve Aoki Remix | Azukita | Beat Down | +20 others Steve Aoki
67%
Split (Only U) Tiësto
67%
Automatic | Came For The Low | Chasing Marrakech | +35 others ZHU
67%
Byob Alok
50%
Ping Pong - Hardwell Remix Armin van Buuren
50%
Cinema (Skrillex Remix) - LUCA LUSH Flip | Satisfaction - RL Grime Remix Benny Benassi
50%
Let's Go (feat. Ne-Yo) | Open Wide (feat. Big Sean) Calvin Harris
50%
BRUH | Breathe | Bruises - Curbi Remix | +16 others Curbi
50%
One More Time Daft Punk
50%
Turn It Up (feat. Wolfpack) Dimitri Vegas
50%
Melody - Radio Mix Dimitri Vegas & Like Mike
50%
Cheque | Cutting Shapes | Eyes Closed Don Diablo
50%
I Got U | Ocean Drive Duke Dumont
50%
Tsunami | We Were Young DVBBS
50%
Baby Again.. Fred again..
50%
Belly Dancer Imanbek
50%
In Da Ghetto J Balvin
50%
2HEARTS | Are U Feeling Me | Make U SWEAT! | +2 others Knock2
50%
Live for the Night | We Are One Krewella
50%
Missing You Mesto
50%
Take Me Down Mike Williams
50%
Shades Of Grey - Radio Mix | The G.O.A.T. | What The Funk (feat. Danny Shah) - Steve Aoki Remix Oliver Heldens
50%
Revolution - Radio Mix R3HAB
50%
Alien | Chemical Bond | Falling | +18 others Rezz
50%
We Found Love Rihanna
50%
Adieu | After Life | After Life (feat. Stacy Barthe) | +13 others Tchami
50%
Freaks - Radio Edit | Oracle Timmy Trumpet
50%
Booty Bounce - Radio Edit | Techno Party Tujamo
50%
Kaleidoscope Love - Kaytranada Edit | You Know You Like It - Tchami Remix AlunaGeorge
33%
Alamo | Are You Randy? | Bang Like A | +6 others Bassjackers
33%
Leaving | Mind Of Mine | Relieve | Right Behind Blinders
33%
Alamo | Drip | Fatal Attraction (feat. Reese LAFLARE) | +2 others Boombox Cartel
33%
Breathe - Original Mix Borgeous
33%
#NEWGOREORDER (feat. Malcolm McDowell) | 100s | Be Ourselves | +7 others Borgore
33%
BTFWD | Bricks | I Like Tuh | +4 others Carnage
33%
One Last Night On Earth Dada Life
33%
Feeling Pretty Good | Five More Hours | Yee Deorro
33%
Ocarina - Bassjackers Remix | The Jungle Dimitri Vegas & Like Mike
33%
Earthquake (DJ Fresh vs. Diplo)(feat. Dominique Young Unique) - Explicit Edit DJ Fresh
33%
Boss Bitch Doja Cat
33%
Heat | Vibrations Ephwurd
33%
Freal Luv (feat. Chanyeol & Tinashe) | Girls On The Dance Floor | Like A G6 Far East Movement
33%
Lullaby (feat. BISHØP) Firebeatz
33%
Bass Cannon | Do or Die (feat. Childish Gambino) | Emotional | +5 others Flux Pavilion
33%
Let Me Think About It Ida Corr
33%
Chasing Shadows Justin Mylo
33%
On Your Mind | Sacrifice Kaskade
33%
BULLETS | CHANCES | DRIVE ME CRAZY | +9 others KAYTRANADA
33%
Pursuit Of Happiness - Extended Steve Aoki Remix | Pursuit of Happiness - Extended Steve Aoki Remix Kid Cudi
33%
Hideaway Kiesza
33%
Fire & Rain | I'm Odd LOOPERS
33%
After Midnight (feat. Xoro)[VINNE Remix] | Source | Up Till Dawn (On The Move) - Club Mix Lucas & Steve
33%
Do It Right Martin Solveig
33%
Piece of Your Heart - Alok Remix MEDUZA
33%
Can't Stop (feat. Niles Mason) MOGUAI
33%
Beautiful Heartbreak - Deorro Remix MORTEN
33%
After Dark Mr.Kitty
33%
Gotta Be You NERVO
33%
Watercolour - Full Version; Single Pendulum
33%
Enigma | Rumors - Radio Edit) | Underground Pep & Rash
33%
Get Down Quintino
33%
We Rise San Holo
33%
Say My Name SAYMYNAME
33%
Afterhours feat. Diplo & Nina Sky | Carti | Do You? TroyBoi
33%
EDM O' CLOCK TV Noise
33%
Go F*ck Yourself Two Feet
33%
Megatron | Raise Your Hands Ummet Ozcan
33%
Bright Sky | Clothes Off (feat. Thayana Valle) | For The Night | +5 others VINNE
33%
DJ Turn It Up | For The Thrill (feat. Becky G) | Light Years | Roller Yellow Claw
33%
Into The Abyss | Just Wanna | One Three Nine Zeds Dead
33%
Nuclear - Dillon Francis Remix Zomboy
33%
Anything | Happy Place | Here 4 U - Alison Wonderland x BLESSUS | +5 others Alison Wonderland
17%
Distance - Volac Remix | I'm Fine - IMANU Remix Apashe
17%
Out The Speakers A-Trak
17%
4Me Bad Computer
17%
Blood Moon | Broken Machines | Crazies feat. Nate Husser | +4 others Black Tiger Sex Machine
17%
Tremors (feat. Go Comet) Botnek
17%
How To Love (feat. Sofia Reyes) - Boombox Cartel Remix Cash Cash
17%
Shake That Ass Cedric Gervais
17%
In My Dreamz Champagne Drip
17%
International - Skrillex Remix Chase & Status
17%
Who's Got Your Love - Mike Williams Remix Cheat Codes
17%
Higher Power - ZHU Remix Coldplay
17%
Lights Go Down | Like Me | More To Give - VIP | +2 others Drinks On Me
17%
Let It Go Eptic
17%
All The Way Up (Remix) Fat Joe
17%
2 MUCH (feat. 24hrs) | Prison Riot | Tern It Up Flosstradamus
17%
Juncture Funkin Matt
17%
Fogo (feat. Julimar Santos) Garmiani
17%
Keep it 100 Grandtheft
17%
Something Like GTA
17%
Shakedown Jackal
17%
Red Eye (feat. TroyBoi) Justin Bieber
17%
Escape (feat. Hayla) Kx5
17%
Drop it Down Like - Radio Edit Lady Bee
17%
REKT LSDREAM
17%
Another Dimension | STREET NGHTMRE
17%
XXL NITTI
17%
123 | Lasers NLW
17%
Lyra NO SIGNE
17%
Bakar Bakar Nucleya
17%
Babatunde | Here With Me PEEKABOO
17%
Emergency Pegboard Nerds
17%
Roses - Imanbek Remix SAINt JHN
17%
Sun Go Down Skepsis
17%
Enigma (feat. GRRL PAL) SLUMBERJACK
17%
Candy Flip Slushii
17%
Be Free SMACK
17%
I Can Feel Snavs
17%
Move All Night SNBRN
17%
Back 2 U - VIP Mix | Don't Wanna Let Go | Hold On Taiki Nulight
17%
Warp 1.9 (feat. Steve Aoki) The Bloody Beetroots
17%
Die A Little Bit (Remix) Tinashe
17%
Assets | Baby Baby Tropkillaz
17%
Move It Valentino Khan
17%
Pop It (feat. Lil Debbie) Wiwek
17%
Timeless - Tchami Remix Caroline Koch
0%
Creature DJ BL3ND
0%
Shards of Life dvine
0%
I Know U Dyro
0%
Jungle Juice Ganja White Night
0%
Ease Your Mind GRiZ
0%
Do You Don't You Haywyre
0%
It's Wack Heavee
0%
Show Me | Take Me Away Interupt
0%
Overthinker - CloZee Remix INZO
0%
Holdin' On - Skrillex & Nero Remix I See MONSTAS
0%
Good For Me (feat. Anna Straker) Jay Pryor
0%
This Time Kayzo
0%
HUMANS (VIP REMIX) | VIRUS (Odd Mob Remix) KLOUD
0%
Better Louis La Roche
0%
Never Give Up - ZHU Remix Mathame
0%
All My Heroes - Curbi Remix Naeleck
0%
Suffocating Qlank
0%
Dat A Freak Swick
0%
Go Deep - Torro Torro Remix Wax Motif
0%
Gemini (feat. George Maple) | Goh What So Not
0%
Alive Ytram
0%
No matching quizzes found
Score Distribution
Percent of People with Each Score
Percentile by Number Answered
Your Score History
You have not taken this quiz